| 000 | 00831nam a2200253 a 4500 | ||
|---|---|---|---|
| 001 | 46669 | ||
| 003 | UkOxU | ||
| 005 | 20211209054204.0 | ||
| 008 | 160803s1978 ii b 001 0 eng d | ||
| 035 | _a(BD-RjUL)46788 | ||
| 040 |
_aBD-RjUL _beng _cBD-RjUL _dBD-RjUL |
||
| 041 | _aeng | ||
| 082 |
_a301.54 _223 _bBOI 1978 |
||
| 100 | 1 |
_aBose, Ashish. _9142285 |
|
| 245 | 1 | 0 |
_aIndia's urbanization, 1901-2001 / _cAshish Bose ; assisted by Jatinder Bhatia |
| 250 | _a2nd rev. ed. | ||
| 260 |
_aNew Delhi : _bTata McGraw-Hill, _c1978 |
||
| 300 |
_axiv, 585 p ; _c24 cm |
||
| 500 | _aFirst ed. published in 1973 under title: Studies in India's urbanization, 1901-1971 | ||
| 504 | _aIncludes bibliographical references and indexes | ||
| 650 | 0 |
_aUrbanization _zIndia _9142286 |
|
| 700 | 1 |
_aBhatia, Jatinder. _9142287 |
|
| 942 |
_2ddc _cBK |
||
| 999 |
_c46669 _d46669 |
||